• 首页
  • 本馆介绍
  • 公告通知
  • 最新文献
  • 馆藏检索
  • 电子资源
  • 读者导购
  • 参考咨询
  • 我的图书馆
  • 登录
  • 详细信息显示
  • 放入我的书架
  • 预约/预借图书
  • 作者相关作品
  • 分类相关作品
  • 丛书相关作品
  • 出版社相关作品

书目信息

  • 表格格式
  • 工作单格式
  • 卡片格式
题名:
五书中国人
    
 
作者: 史密斯 著 ;王续然 , 张晗 译
分册:  
出版信息: 哈尔滨   哈尔滨出版社  2016.05
页数: 388页
开本: 24cm
丛书名:
单 册:
中图分类: C955.2
科图分类:
主题词: 民族性--研究--中国
电子资源:
ISBN: 978-7-5484-2486-4
000 01218nam0 2200313 450
001 0120161838040
005 20170920092231.56
010    @a978-7-5484-2486-4@dCNY45.00
100    @a20160524d2016 em y0chiy50 ea
101 1  @achi@cmul
102    @aCN@b230000
105    @aac z 000yy
106    @ar
200 1  @a五书中国人@9wu shu zhong guo ren@e图注经典@e外国人眼中的中国人@f(美)阿瑟·史密斯[等]著@g王续然[等]译
205    @a2版
210    @a哈尔滨@c哈尔滨出版社@d2016.05
215    @a388页@c照片,肖像@d24cm
304    @a著者还有:(美)何天爵,(英)约翰·麦高温,(日)桑原骘藏,(意)马可·波罗
314    @a版权页题:王续然,张晗译
330    @a本书分为《中国人的性情》;《真正的中国人》;《近代中国与中国人》;《东洋史说苑》;《马可·波罗行纪》共五部。主要内容包括:保全面子、节俭持家、勤劳刻苦、恪守礼仪、漠视精确等。
333    @a一般读者
517 1  @a外国人眼中的中国人@9wai guo ren yan zhong de zhong guo ren
606 0  @a民族性@x研究@y中国
690    @aC955.2@v5
701  0 @c(美)@a史密斯@9shi mi si@c(Smith, Arthur Henderson@f1845-)@4著
702  0 @a王续然@9wang xu ran@4译
702  0 @a张晗@9zhang han@4译
801  0 @aCN@b人天书店@c20160524
905    @b1077528-33@dC955.2@e113=2@f6
    
    五书中国人:图注经典:外国人眼中的中国人/(美)阿瑟·史密斯[等]著/王续然[等]译.-2版.-哈尔滨:哈尔滨出版社,2016.05
    388页:照片,肖像;24cm
    使用对象:一般读者
    
    ISBN 978-7-5484-2486-4:CNY45.00
    本书分为《中国人的性情》;《真正的中国人》;《近代中国与中国人》;《东洋史说苑》;《马可·波罗行纪》共五部。主要内容包括:保全面子、节俭持家、勤劳刻苦、恪守礼仪、漠视精确等。
●
相关链接 在E读中查询图书 在五车中查询图书 在当当中查询图书 在豆瓣中查询图书


正题名:五书中国人     索取号:C955.2/113=2         预约/预借

序号 登录号 条形码 馆藏地/架位号 状态 备注
1 1077528   210775286   第一样本阅览室/ [索取号:C955.2/113=2] 在馆    
2 1077529   210775295   第一借阅区/ [索取号:C955.2/113=2] 在馆    
3 1077530   210775302   密集书库-马院/ [索取号:C955.2/113=2] 在馆    
4 1077531   210775311   第一借阅区/ [索取号:C955.2/113=2] 在馆    
5 1077532   210775320   第一借阅区/ [索取号:C955.2/113=2] 在馆    
6 1077533   210775339   第一借阅区/ [索取号:C955.2/113=2] 在馆    
唐山师范学院图书馆 欢迎您!
大连网信软件有限公司© 版权所有